[Event "ROM-ch U14"]
[Site "Calimanesti"]
[Date "2018.04.01"]
[Round "7"]
[White "Anton, Claudiu George Alex"]
[Black "Iliescu, Mihai Octavian"]
[Result "0-1"]
[WhiteElo "1564"]
[BlackElo "1696"]
[PlyCount "102"]
[EventDate "2018.03.27"]
[EventType "swiss"]
[EventRounds "9"]
[EventCountry "ROU"]
[SourceTitle "CBM 183 Extra"]
[Source "ChessBase"]
[SourceDate "2018.04.19"]
[SourceVersion "1"]
[SourceVersionDate "2018.04.19"]
[SourceQuality "1"]

1. e4 e6 2. f4 d5 3. e5 c5 4. Nf3 Qb6 5. c3 Nc6 6. Na3 Nge7 7. Nc2 g6 8. d4 cxd4 9. Ncxd4 Nxd4 10. Qxd4 Qc7 11. Be3 Nf5 12. Qd2 Nxe3 13. Qxe3 Bc5 14. Qd2 Bd7 15. Nd4 a6 16. Nb3 Ba7 17. Rc1 b5 18. Nd4 Rc8 19. Be2 0-0 20. 0-0 f6 21. exf6 Rxf6 22. Kh1 Rcf8 23. g3 e5 24. fxe5 Qxe5 25. Rxf6 Rxf6 26. Rf1 Qe4+ 27. Bf3 Bh3 28. Qd1 Rxf3 29. Rxf3 Bxd4 30. cxd4 Bg4 31. Kg2 Bxf3+ 32. Qxf3 Qxd4 33. Qc3 Qxc3 34. bxc3 Kf7 35. Kf3 Kf6 36. Ke3 Ke5 37. Kd3 Ke6 38. Ke3 Kd7 39. Kd3 Kc6 40. Kd4 Kd6 41. h3 h6 42. h4 h5 43. Ke3 Kc5 44. Kd3 a5 45. a3 a4 46. Kd2 Kc4 47. Kc2 d4 48. cxd4 Kxd4 49. Kd2 Kc4 50. Kc2 b4 51. axb4 Kxb4 0-1

[Event "ROM-ch U14"]
[Site "Calimanesti"]
[Date "2018.03.31"]
[Round "6"]
[White "Iliescu, Mihai Octavian"]
[Black "Sarighioleanu, Sebastian Laurentiu"]
[Result "0-1"]
[WhiteElo "1696"]
[BlackElo "1811"]
[PlyCount "40"]
[EventDate "2018.03.27"]
[EventType "swiss"]
[EventRounds "9"]
[EventCountry "ROU"]
[SourceTitle "CBM 183 Extra"]
[Source "ChessBase"]
[SourceDate "2018.04.19"]
[SourceVersion "1"]
[SourceVersionDate "2018.04.19"]
[SourceQuality "1"]

1. f4 c5 2. Nf3 Nc6 3. e3 g6 4. Bb5 Bg7 5. 0-0 e6 6. Nc3 Nge7 7. d3 0-0 8. Bxc6 Nxc6 9. e4 a6 10. g4 d5 11. e5 b5 12. a4 b4 13. Ne2 f6 14. Be3 d4 15. exf6 Bxf6 16. Bf2 Bb7 17. Bg3 Ne7 18. Nd2 Nd5 19. Nc4 Ne3 20. Qd2 Qd5 0-1

[Event "ROM-ch U14"]
[Site "Calimanesti"]
[Date "2018.03.28"]
[Round "2"]
[White "Iliescu, Mihai Octavian"]
[Black "Coca, Cristi Iulian"]
[Result "0-1"]
[WhiteElo "1696"]
[BlackElo "1962"]
[PlyCount "69"]
[EventDate "2018.03.27"]
[EventType "swiss"]
[EventRounds "9"]
[EventCountry "ROU"]
[SourceTitle "CBM 183 Extra"]
[Source "ChessBase"]
[SourceDate "2018.04.19"]
[SourceVersion "1"]
[SourceVersionDate "2018.04.19"]
[SourceQuality "1"]

1. e4 c5 2. Nc3 e6 3. f4 Nc6 4. Nf3 d6 5. Bb5 Nge7 6. 0-0 a6 7. Bxc6+ Nxc6 8. d3 g6 9. b3 Bg7 10. Bb2 b5 11. Qd2 0-0 12. Rae1 Bb7 13. Qc1 c4 14. Nd1 Bxb2 15. Qxb2 cxd3 16. cxd3 Rc8 17. Ne3 f5 18. exf5 gxf5 19. Nc2 Qf6 20. Qxf6 Rxf6 21. Ncd4 Nxd4 22. Nxd4 Bd5 23. Rc1 Rff8 24. Rfe1 Kf7 25. g3 Kf6 26. Kf2 Rfd8 27. Nf3 h6 28. h3 Rg8 29. Rg1 b4 30. Nd2 a5 31. Nc4 Bxc4 32. dxc4 Rc5 33. Rcd1 Ke7 34. Rd2 Kd7 35. g4 0-1

[Event "ROM-ch U12"]
[Site "Calimanesti Caciulata"]
[Date "2016.04.25"]
[Round "9"]
[White "Iliescu, Mihai Octavian"]
[Black "Stoian, Cristian Georgian"]
[Result "0-1"]
[WhiteElo "1587"]
[BlackElo "1885"]
[PlyCount "84"]
[EventDate "2016.04.18"]
[EventType "swiss"]
[EventRounds "9"]
[EventCountry "ROU"]
[SourceTitle "EXT 2017"]
[Source "ChessBase"]
[SourceDate "2016.10.25"]
[SourceVersion "1"]
[SourceVersionDate "2016.10.25"]
[SourceQuality "1"]

1. f4 d5 2. Nf3 g6 3. e3 Bg7 4. Be2 Nf6 5. 0-0 0-0 6. Nc3 c5 7. b3 Nc6 8. Bb2 Ne4 9. Qe1 Nxc3 10. Bxc3 d4 11. Bb2 d3 12. Bxg7 dxe2 13. Qxe2 Kxg7 14. d3 Qc7 15. Nd2 e5 16. Nc4 Be6 17. h3 Rae8 18. Qf2 b5 19. Nd2 f5 20. Qg3 exf4 21. exf4 Nd4 22. Kh1 Nxc2 23. Rac1 Nd4 24. Qf2 Qd6 25. Nf3 Nxf3 26. Qxf3 Bd5 27. Qf2 Rc8 28. d4 cxd4 29. Qxd4+ Kg8 30. Qxa7 Rxc1 31. Rxc1 Bxg2+ 32. Kxg2 Qd2+ 33. Qf2 Qxc1 34. Kg3 Qc3+ 35. Kh2 Rd8 36. Kg1 Qc1+ 37. Kg2 Rd2 38. a4 Rxf2+ 39. Kxf2 bxa4 40. bxa4 Qxf4+ 41. Kg2 Qxa4 42. Kf2 f4 0-1

[Event "ROM-ch U10"]
[Site "Calimanesti"]
[Date "2014.04.09"]
[Round "4"]
[White "Antal, Hunor Zoltan"]
[Black "Iliescu, Mihai Octavian"]
[Result "1-0"]
[WhiteElo "1249"]
[BlackElo "1367"]
[PlyCount "42"]
[EventDate "2014.04.06"]
[EventType "swiss"]
[EventRounds "9"]
[EventCountry "ROU"]
[SourceTitle "CBM 160 Extra"]
[Source "ChessBase"]
[SourceDate "2014.07.01"]
[SourceVersion "1"]
[SourceVersionDate "2014.07.01"]
[SourceQuality "1"]

1. d4 d5 2. Nf3 e6 3. e3 Nf6 4. Bd3 Nbd7 5. Nbd2 Bd6 6. 0-0 0-0 7. e4 dxe4 8. Nxe4 Nxe4 9. Bxe4 Nf6 10. Bg5 Be7 11. Bxf6 Bxf6 12. Bd3 Bxd4 13. Nxd4 c5 14. Nf3 Bd7 15. Ne5 Kh8 16. Qh5 g6 17. Bxg6 fxg6 18. Nxg6+ Kg8 19. Nxf8 Qxf8 20. Qg5+ Kh8 21. Qe5+ Kg8 1-0